Business analysis and valuation : (Record no. 5806)
[ view plain ]
| 000 -LEADER | |
|---|---|
| fixed length control field | 01028cam a22002654a 4500 |
| 005 - DATE AND TIME OF LATEST TRANSACTION | |
| control field | 20250826194406.0 |
| 008 - FIXED-LENGTH DATA ELEMENTS--GENERAL INFORMATION | |
| fixed length control field | 991116s2000 ohu b 001 0 eng |
| 020 ## - INTERNATIONAL STANDARD BOOK NUMBER | |
| International Standard Book Number | 9781408017494 |
| 040 ## - CATALOGING SOURCE | |
| Original cataloging agency | KABLIB |
| Transcribing agency | KABLIB |
| Description conventions | rda |
| 082 00 - DEWEY DECIMAL CLASSIFICATION NUMBER | |
| Classification number | 658.15 |
| Edition number | 23 |
| Item number | PAL |
| 100 1# - MAIN ENTRY--PERSONAL NAME | |
| Personal name | Palepu, Krishna G., |
| Dates associated with a name | 1954- |
| 9 (RLIN) | 14668 |
| 245 10 - TITLE STATEMENT | |
| Title | Business analysis and valuation : |
| Remainder of title | text & cases / |
| Statement of responsibility, etc. | Krishna G. Palepu, Paul M. Healy, Victor L. Bernard. |
| 246 3# - VARYING FORM OF TITLE | |
| Title proper/short title | Business analysis and valuation |
| 250 ## - EDITION STATEMENT | |
| Edition statement | 2nd ed. |
| 260 ## - PUBLICATION, DISTRIBUTION, ETC. | |
| Place of publication, distribution, etc. | Hampshire : |
| Name of publisher, distributor, etc. | South-Western Cengage Learning., |
| Date of publication, distribution, etc. | c2010. |
| 300 ## - PHYSICAL DESCRIPTION | |
| Extent | xvi. 761 p : |
| Other physical details | ill. (some color) ; |
| Dimensions | 26 cm. |
| 504 ## - BIBLIOGRAPHY, ETC. NOTE | |
| Bibliography, etc. note | Includes index. |
| 650 #0 - SUBJECT ADDED ENTRY--TOPICAL TERM | |
| Topical term or geographic name entry element | Business enterprises |
| General subdivision | Valuation. |
| 9 (RLIN) | 14669 |
| 650 #0 - SUBJECT ADDED ENTRY--TOPICAL TERM | |
| Topical term or geographic name entry element | Financial statements. |
| 650 #0 - SUBJECT ADDED ENTRY--TOPICAL TERM | |
| Topical term or geographic name entry element | Business enterprises |
| General subdivision | Valuation |
| Form subdivision | Case studies. |
| 9 (RLIN) | 14670 |
| 655 #7 - INDEX TERM--GENRE/FORM | |
| Genre/form data or focus term | Case studies. |
| Source of term | lcgft |
| Authority record control number or standard number | https://id.loc.gov/authorities/genreForms/gf2017026140 |
| 9 (RLIN) | 3979 |
| 700 1# - ADDED ENTRY--PERSONAL NAME | |
| Personal name | Healy, Paul M. |
| 9 (RLIN) | 14671 |
| 700 1# - ADDED ENTRY--PERSONAL NAME | |
| Personal name | Bernard, Victor L. |
| Fuller form of name | (Victor Lewis), |
| Dates associated with a name | 1952- |
| 9 (RLIN) | 14672 |
| 942 ## - ADDED ENTRY ELEMENTS (KOHA) | |
| Source of classification or shelving scheme | Dewey Decimal Classification |
| Koha item type | Book |
| Withdrawn status | Lost status | Source of classification or shelving scheme | Damaged status | Not for loan | Home library | Current library | Shelving location | Date acquired | Source of acquisition | Total Checkouts | Full call number | Barcode | Date last seen | Price effective from | Koha item type |
|---|---|---|---|---|---|---|---|---|---|---|---|---|---|---|---|
| Dewey Decimal Classification | Mukombe Library | Mukombe Library | Open Access Section | 26.08.2025 | Donated | 658.15 PAL | 14014 | 26.08.2025 | 26.08.2025 | Book |